LEADER 01578nam 2200433Ia 450 001 996385900303316 005 20221108053058.0 035 $a(CKB)1000000000600798 035 $a(EEBO)2240914222 035 $a(OCoLC)180866889 035 $a(EXLCZ)991000000000600798 100 $a20071107f15901600 uy 0 101 0 $alat 135 $aurbn||||a|bb| 200 10$aFlumina e mari fluunt in mare refluunt$b[electronic resource] 210 $a[Cambridge $cs.n.$d1590-1600?] 215 $a1 sheet ([1] p.) 300 $aIn verse. 300 $aPlace and date of publication suggested by STC (2nd ed.). 300 $aImperfect: torn, with loss of title and some text of left column. Best copy available for photographing. 300 $aReproduction of original in: Bodleian Library. 330 $aeebo-0014 606 $aAcademic disputations$zEngland$zCambridge$vEarly works to 1800 606 $aCollege verse, Latin (Medieval and modern)$zEngland$vEarly works to 1800 606 $aLatin poetry, Medieval and modern$zEngland$vEarly works to 1800 606 $aLight sources$vEarly works to 1800 606 $aOcean$vEarly works to 1800 608 $aBroadsides$zEngland$y16th century.$2rbgenr 615 0$aAcademic disputations 615 0$aCollege verse, Latin (Medieval and modern) 615 0$aLatin poetry, Medieval and modern 615 0$aLight sources 615 0$aOcean 801 0$bUMI 801 1$bUMI 906 $aBOOK 912 $a996385900303316 996 $aFlumina e mari fluunt in mare refluunt$92305001 997 $aUNISA LEADER 01112nam a2200253 i 4500 001 991001667679707536 008 120412s2011 it 000 0 ita d 020 $a9788849832341 035 $ab1405050x-39ule_inst 040 $aDip.to Scienze dell'economia$bita 082 04$a338.00945 245 02$aL' industria italiana nel contesto internazionale :$b150 anni di storia /$ca cura di Beniamino Quintieri e Michelangelo Vasta ; rapporto predisposto dalla Fondazione Manlio Masi e dall'Università di Siena per ICE e Comitato Leonardo 260 $aSoveria Mannelli :$bRubbettino,$c2011 300 $aX, 260 p. ;$c23 cm 440 0$aCollana analisi 650 4$aIndustria$zItalia 700 1 $aQuintieri, Beniamino 700 1 $aVasta, Michelangelo 907 $a.b1405050x$b02-04-14$c12-04-12 912 $a991001667679707536 945 $aLE025 ECO 338 QUI01.01$g1$i2025000258136$lle025$nProf.ssa Nocco$o-$pE27.00$q-$rl$s- $t0$u1$v50$w1$x0$y.i15416811$z04-06-12 996 $aIndustria italiana nel contesto internazionale$9238329 997 $aUNISALENTO 998 $ale025$b12-04-12$cm$da $e-$fita$git $h2$i0 LEADER 01676nam0 2200385 i 450 001 TO00397778 005 20251003044405.0 010 $a8843004581 020 $aIT$b97-10130 100 $a19961010d1996 ||||0itac50 ba 101 | $aita 102 $ait 181 1$6z01$ai $bxxxe 182 1$6z01$an 200 1 $aGeografia dell'agricoltura$fCarmelo Formica 210 $aRoma$cNIS$d1996 215 $a401 p.$cill.$d23 cm. 225 | $aStudi superiori NIS$v298 410 0$1001CFI0012515$12001 $aStudi superiori NIS$v298 606 $aGeografia agraria$2FIR$3CFIC048464$9E 676 $a330.9$9SITUAZIONI E CONDIZIONI ECONOMICHE$v20 676 $a338.1$9AGRICOLTURA$v21 676 $a338.109$9AGRICOLTURA. TRATTAMENTO STORICO GEOGRAFICO$v19 676 $a338.109$9AGRICOLTURA. TRATTAMENTO STORICO E GEOGRAFICO$v20 676 $a630.9$9$v21 700 1$aFormica$b, Carmelo$3CFIV034284$4070$074212 801 3$aIT$bIT-000000$c19961010 850 $aIT-BN0095 $aIT-NA0079 901 $bNAP BN$cS.MOD $nLa consegna dei documenti è effettuata dall'Ufficio Distribuzione 901 $bNAP 01$cPOZZO LIB.$nVi sono collocati fondi di economia, periodici di ingegneria e scienze, periodici di economia e statistica e altri fondi comprendenti documenti di economia pervenuti in dono. 912 $aTO00397778 950 0$aBiblioteca Centralizzata di Ateneo$c1 v.$d 01POZZO LIB.ECON MON 9406$e 0101 0000089735E VMA 1 v. (precedente collocazioni: GUERRAZZI B 440)$fB $h20071030$i20071030 977 $a 01$a BN 996 $aGeografia dell'agricoltura$967307 997 $aUNISANNIO